Statistiken für 3. Fußball-Liga Top 5

Klicken Sie hier um das Quiz zu spielen!

Allgemein

  • Dieses Quiz wurde 1.054 mal gespielt
    (64 seit der letzten Aktualisierung)
  • Das Durchschnittsergebnis liegt bei 27 aus 38

Antwortstatistiken

Vereine% Korrekt
Preußen Münster
98%
Dynamo Dresden
96%
SSV Ulm 1846
95%
Hansa Rostock
91%
SSV Jahn Regensburg
89%
VfL Osnabrück
85%
MSV Duisburg
84%
RB Leipzig
84%
Holstein Kiel
82%
1. FC Saarbrücken
80%
Arminia Bielefeld
78%
SC Freiburg II
78%
SV Darmstadt 98
78%
TSV 1860 München
78%
1. FC Heidenheim
76%
1. FC Kaiserslautern
76%
SC Paderborn 07
76%
1. FC Magdeburg
75%
Eintracht Braunschweig
75%
FC Bayern München II
75%
Fortuna Düsseldorf
73%
SV Elversberg
73%
1. FC Union Berlin
71%
SV Wehen Wiesbaden
69%
FC Ingolstadt 04
67%
Hallescher FC
67%
Stuttgarter Kickers
67%
SV Waldhof Mannheim
67%
FC Erzgebirge Aue
62%
SV Sandhausen
62%
Chemnitzer FC
60%
Karlsruher SC
60%
SpVgg Unterhaching
55%
FC Carl Zeiss Jena
53%
FC Rot-Weiß Erfurt
51%
Würzburger Kickers
47%
FSV Zwickau
42%
VfR Aalen
40%

Verteilung der Resultate

Perzentil nach korrekt beantworteten Fragen

Anzahl Personen mit jedem Resultat

Ihre Resultats-Entwicklung

Sie haben dieses Quiz seit der letzten Aktualisierung nicht gespielt